000 00536nam a2200181 i 4500
001 23167
003 ES-MaACL
005 20231228062647.0
007 t|
008 021209s1949 sp ||||1| spa d
100 1 _aAlonso, Eduardo.
_920198
245 1 0 _aVersos nuevos /
_cEduardo Alonso , prólogo de Gregorio Marañón.
260 _aMadrid :
_b[s.n.,
_c1949] (
_fImp. Afrodisio Aguado)
300 _aXV, 300 p. ;
_c16 cm.
700 1 _aMarañón, Gregorio,
_d1887-1960
_976311
852 4 _aES-MaACL
_jD-6698
999 _c23167
_d23167